Statistics for Harry Potter Spells - incredibly hard

Click here to take the quiz!

General Stats

  • This quiz has been taken 69 times
  • The average score is 29 of 192

Answer Stats

HintAnswer% Correct
15.Killing CurseAvada Kedavra
79%
3.Summoning CharmAccio
77%
2.
Another Opening CharmAlohomora
77%
106.Lights wand tipLumos
70%
60.Disarming CharmExpelliarmus
68%
37.Causes extreme painCrucio
65%
192.Well known Levitation CharmWingardium Leviosa
63%
4.Wand generates waterAguamenti
58%
59.Effective against dementorsExpecto Patronum
56%
88.Places target under caster's controlImperio
56%
20.Provokes small explosionBombarda
53%
122.Counter Spell to 106.Nox
46%
157.Repairs broken objectsReparo
46%
165.Target seems to get slashed by a swordSectumsempra
46%
92.Produces fireIncendio
44%
108.More powerful version of 107.Lumos Maxima
44%
143.Shield CharmProtego
44%
174.Stuns targetStupefy
44%
21.Provokes bigger explosionBombarda Maxima
42%
136.Temporarily binds target's bodyPetrificus Totalus
42%
160.Reveals secrets about the targetRevelio
42%
102.Hoists target up into the air by their anklesLevicorpus
40%
51.Swelling CharmEngorgio
35%
125.Erases memoriesObliviate
35%
44.Cuts or tears targetDiffindo
32%
151.Breaks objectsReducto
30%
13.Slowing CharmArresto Momentum
28%
124.Mends eyeglassesOculus Reparo
28%
162.Helpful against boggartsRiddikulus
28%
34.Blasting curseConfringo
26%
101.Caster can read target's mindLegilimens
26%
119Prevents others from hearing nearby conversationsMuffliato
26%
137.Brings life to inanimate objectsPiertotum Locomotor
26%
150.Shrinking CharmReducio
26%
167.Makes target silentSilencio
26%
14.Lifts the caster high into the airAscendio
25%
18.Summons birdsAvis
25%
42.Counter-charm to 3.Depulso
25%
127.Targeted objects attack someoneOppugno
25%
161.Tickles targetRictusempra
25%
35.Befuddles targetConfundo
23%
65.General Counter-SpellFinite Incantatem
21%
68.Knockback JinxFlipendo
21%
140.Turns target into portkeyPortus
21%
146.More powerful version of 147.Protego Maxima
21%
166.Conjures a snake from caster's wandSerpensortia
21%
54.Healing SpellEpiskey
19%
77.Freezing SpellGlacius
19%
104.Caster lets target levitate above the groundLocomotor
19%
22.Makes bones vanish if used incorrectlyBrackium Emendo
18%
87.Slows down or stops targetImpedimenta
18%
109.Produces sunlightLumos Solem
18%
117.Creates Dark MarkMorsmordre
18%
164.Cleans targetScourgify
18%
170.Makes target sound louderSonorus
18%
183.Turns animals to water gobletsVera Verto
18%
57.Vanishing CharmEvanesco
16%
61.Provokes explosionExpulso
16%
84.Reveals human presenceHomenum Revelio
16%
147.Protects an area for a long timeProtego Totalum
16%
43.Target fallsDescendo
14%
12.Helpful against AcromantulasArania Exumai
12%
31.Locks doorsColloportus
12%
56.Used to build a tentErecto
12%
134.Produces a burst of red sparksPericulum
12%
163.Protects against hexesSalvio Hexia
12%
189.Vanishes snakesVipera Evanesca
12%
76.Doubling CharmGeminio
11%
141.Forces wand to show an echo of its last performed spellPrior Incantato
11%
154.Target releases grip on whatever it's holdingRelashio
11%
155.Awakenes unconscious personRennervate
11%
176.Forces target to "dance"Tarantallegra
11%
190.Heals major wounds, you have to sing itVulnera Sanentur
11%
5.Target gets shot into the airAlarte Ascendare
9%
7.Clears target's airwaysAnapneo
9%
16.Transforms target into birdAvifors
9%
24.Target bursts into songCantis
9%
26.Seize and Pull CharmCarpe Retractum
9%
86.Target stops movingImmobulus
9%
91.Target gets tied upIncarcerous
9%
103.Counter-Jinx to 102.Liberacorpus
9%
126.Blindfolds targetObscuro
9%
139.Wand points due northPoint Me
9%
148.Makes target sound quieterQuietus
9%
158.Keeps Muggles awayRepello Muggletum
9%
181.Shoots jet of spiralling wind from wand tipVentus
9%
1.Opening CharmAberto
7%
6.Animagus CharmAmato Animo Animato Animagus
7%
10.Tracks foot printsAppare Vestigium
7%
11.Related to 4.Aqua Eructo
7%
19.Effect unclear, white lightbolt emerges from wandtipBaubillious
7%
23.Removes target's hairCalvorio
7%
28.Greenhouse CharmCelescere
7%
30.Opens Chests and boxesCistem Aperio
7%
38.Gouging SpellDefodio
7%
45.Target shrinksDiminuendo
7%
46.Opens passagesDissendium
7%
47.Transforms target into dragonDraconifors
7%
49.Hardening CharmDuro
7%
62.Bandaging CharmFerula
7%
66.Fiery marks appear in midairFlagrate
7%
71.More powerful version of 70.Flipendo Maxima
7%
80.Transforms stairs into slideGlisseo
7%
83.Rapidly grows plantsHerbivicus
7%
105.Leg-Locker CurseLocomotor Mortis
7%
107.More powerful version of 106.Lumos Duo
7%
123.Creates fog from the tip of the wandNebulus
7%
129.Conjures bouquet of flowersOrchideous
7%
144.Conjures protective ring of black fireProtego Diabolica
7%
178.Siphons liquidTergeo
7%
185.Produces green sparks that can be used in duellingVerdimillious
7%
188.Jet of red sparks from wand tipVermillious
7%
191.Shoots soft stuff at the targetWaddiwasi
7%
8.Causes target to grow antlersAnteoculatia
5%
9.Reveals secret messagesAparecium
5%
17.Turns an object into a tracking deviceAvenseguim
5%
25.Hermione used it on her handbagCapacious Extremis
5%
27.Hides caster from othersCave Inimicum
5%
29.Rotates objectsCircumrota
5%
33.Changes target's colourColovaria
5%
40.Target's teeth growDensaugeo
5%
48.Transforms target into duckDucklifors
5%
50.Target gets trapped in large bubbleEbublio
5%
52.Target's skull swellsEngorgio Skullus
5%
58.Throws target backward without stunningEverte Statum
5%
63.Strengthens shield spellsFianto Duri
5%
64.Shatters glassFinestra
5%
69.More powerful version of 68.Flipendo Duo
5%
70.More powerful version of 69.Flipendo Tria
5%
78.More powerful version of 77.Glacius Duo
5%
79.More powerful version of 78.Glacius Tria
5%
81.Repairs a Vanishing CabinetHarmonia Nectere Passus
5%
89.Target repels waterImpervius
5%
93.More powerful version of 92.Incendio Duo
5%
94.More powerful version of 93.Incendio Tria
5%
95.Fills target with airInflatus
5%
98.Ignites cloakesLacarnum Inflamari
5%
99.Sticks one's tongue to the roof of their mouthLanglock
5%
97.Jelly-Legs CurseLocomotor Wibbly
5%
131.Packs luggagePack
5%
135.Lockhart tried to remove Cornish Pixies with itPeskipiksi Pesternomi
5%
145.More powerful version of 147.Protego Horribilis
5%
156.Reverses incomplete transformationsReparifarge
5%
159.Disintegrates the persons entering this charmRepello Inimicum
5%
153.Returns target to its original stateReverte
5%
171.Reveals spells casted on objects or potionsSpecialis Revelio
5%
172.Softens targetSpongify
5%
182.More powerful version of 181.Ventus Duo
5%
186.More powerful version of 185.Verdimillious Duo
5%
32.Sticks the target's shoes to the groundColloshoo
4%
36.Changes colour and style of one's hairCrinus Muto
4%
39.Eradication SpellDeletrius
4%
41.Blasts holes in the groundDeprimo
4%
53.Transforms target into insectoid (short time)Entomorphis
4%
55.Glues objects togetherEpoximise
4%
67.Transforms target into matchboxFlintifors
4%
72.Breaks weak objects to piecesFracto Strata
4%
73.Defensive smokescreen appearsFumos
4%
74.More powerful version of 73.Fumos Duo
4%
75.Pimple JinxFurnunculus
4%
82.Lets flowers sprout from targetHerbifors
4%
85.Makes writing impossible to readIllegilibus
4%
90.Probably conjures inanimate objectInanimatus Conjurus
4%
96.Completes one's Folio BrutiInformous
4%
100.Transforms target into rabbitLapifors
4%
110.Temporarily increases caster's spell powerMagicus Extremos
4%
111.Target's head gets incased in a pumpkinMelofors
4%
112.Weather effects caused by jinxes ceaseMeteolojinx Recanto
4%
113.Target's tongue gets tied in a knotMimblewimble
4%
114.Lets wooden objects levitateMobiliarbus
4%
115.Lets bodies levitateMobilicorpus
4%
116.Produces invisible cushionMolliare
4%
118.Target's nose gets nastily coldMucus ad Nauseam
4%
120.Changes colour and style of one's clothingMulticofors
4%
121.Target grows extra headsMutatio Skullus
4%
128.Sucks target into the groundOrbis
4%
130.Seals target's mouthOscausi
4%
132.Mends torn pieces of paperPapyrus Reparo
4%
133.Can be used to create a gap in a ring of firePartis Temporus
4%
138.Transforms target into fishPiscifors
4%
142.Transforms target into chickenPullus
4%
149.Counter Spell to 52.Redactum Skullus
4%
152.Healing SpellReparifors
4%
168.Frightens ghosts and other spiritsSkurge
4%
169.Forces target to vomit slugsSlugulus Eructo
4%
173.Forces target to sneezeSternius
4%
175.Removes enchantmentsSurgito
4%
177.Transforms target's head into tentacleTentaclifors
4%
179.Tickles and weakens targetTitillando
4%
180.Food quality within a location gets improvedTribuomnus
4%
184.Green sparks sprout from wans tipVerdillious
4%
187.Transforms target into wormVermiculus
4%

Score Distribution

Percentile by Number Answered

Percent of People with Each Score

Your Score History

You have not taken this quiz